000 00486nam a22001817a 4500
005 20161206103645.0
010 _aENG-116337
020 _a9789351950318
_c350.00
035 _aEN-99869
037 _bDBAD/PUB
082 _aN
100 _aRaman,R.V.
245 _aInsider /
_cby R.V. Ramn
260 _aGurgaon
_bHachette Book Publishing
_c2016
270 _a\4th/5th Floor, Corporete Center,Sector 44
_bGugaon
_e122003
300 _a347p.
_c20cm(pbk)
942 _2ddc
_cEN
_hN
_mRAM
999 _c104343
_d104343